| 000 | 00664nam a22001577a 4500 | ||
|---|---|---|---|
| 003 | OSt | ||
| 005 | 20151208093604.0 | ||
| 008 | 151208b xxu||||| |||| 00| 0 eng d | ||
| 040 | _cRUA | ||
| 082 | _aATM CHA 2003 B193 Or.1 | ||
| 100 |
_94502 _aCHAN, MONIROATH. |
||
| 245 | _a study on rice grain loss during harvesting and threshing in cambodia (សិក្សាអំពីការបាត់បង់ទិន្នផលស្រុវនៅពេលច្រូតកាត់និងបោកបែននៅក្នុងប្រទេសកម្ពុជា) | ||
| 260 |
_aPhnom Penh _bRUA _c2003 |
||
| 300 |
_aix, 27p. _bill. _c29cm. |
||
| 942 |
_2ddc _cATM |
||
| 999 |
_c4198 _d4198 |
||